| 000 | 00456nam a2200169Ia 4500 | ||
|---|---|---|---|
| 005 | 20250923150315.0 | ||
| 008 | 008 250917s9999 xx 000 0 eng d | ||
| 037 | _aReference | ||
| 040 |
_aDSWL _beng _cDSWL |
||
| 041 |
_aeng _2eng |
||
| 084 | _qDSWL | ||
| 245 | 0 |
_aAbstracts in Social Work-2012 _cby Department of Social Work |
|
| 260 |
_aDelhi _b Department of Social Work _c2013 |
||
| 300 | _a351p. | ||
| 942 | _cREF | ||
| 999 |
_c1461958 _d1461958 |
||